[Event "Europe Echecs Blitz May op"]
[Site "Europe Echecs INT"]
[Date "2021.05.09"]
[Round "2"]
[White "Matnadze, Ana"]
[Black "Fischler, Oscar"]
[Result "0-1"]
[WhiteElo "2421"]
[BlackElo "1866"]
[PlyCount "212"]
[EventDate "2021.05.09"]
[EventType "swiss (blitz)"]
[EventRounds "11"]
[EventCountry "FRA"]
[SourceTitle "CBM 202 Extra"]
[Source "ChessBase"]
[SourceDate "2021.07.31"]
[SourceVersion "1"]
[SourceVersionDate "2021.07.31"]
[SourceQuality "1"]

1. d4 d5 2. Nf3 Nf6 3. g3 g6 4. Bg2 Bg7 5. 0-0 0-0 6. c4 dxc4 7. Na3 c3 8. bxc3 c5 9. e3 Nc6 10. Qe2 Bg4 11. h3 Bf5 12. Bb2 Rc8 13. Rfd1 cxd4 14. cxd4 Qc7 15. Rdc1 Qb8 16. Nc4 Rfd8 17. Nfe5 Nxe5 18. Nxe5 Be4 19. Bxe4 Nxe4 20. Qf3 Nd6 21. h4 h5 22. a4 Bxe5 23. dxe5 Nc4 24. Bd4 Nxe5 25. Qe4 Nc6 26. Bb2 Qd6 27. Rab1 Qd5 28. Qf4 e5 29. Qg5 Qe6 30. Ba1 Rb8 31. Rb5 Rd5 32. e4 Rxb5 33. axb5 Nd4 34. Kg2 Re8 35. Rc5 a6 36. bxa6 bxa6 37. Rd5 Nc6 38. Qd2 Qc8 39. Rc5 Qe6 40. Qc3 Nd4 41. Rd5 Nb5 42. Qc5 f6 43. Bb2 Qe7 44. Qc1 Rd8 45. Qd2 Rxd5 46. Qxd5+ Kg7 47. Qc6 Qd6 48. Qb7+ Kh6 49. Qc8 Kg7 50. Qb7+ Kg8 51. Bc1 Nd4 52. Bh6 Ne6 53. Qc8+ Kf7 54. Be3 Qd8 55. Qxa6 Qd7 56. Qa8 Qd8 57. Qb7+ Qe7 58. Qc8 Qd8 59. Qc4 Qd7 60. Qb3 Qc6 61. Qb8 Qxe4+ 62. Kh2 Qc6 63. Qh8 Qe8 64. Qh7+ Ng7 65. Qh6 Qg8 66. Bc5 Nf5 67. Qd2 Qe8 68. Qa2+ Kg7 69. Qa7+ Qf7 70. Qb6 Ne7 71. Qc7 Nd5 72. Qc6 Ne7 73. Qc7 Ng8 74. Qc6 Nh6 75. Kg2 Nf5 76. Qa8 Nd4 77. Qe4 Ne6 78. Be3 Qc7 79. Qa8 Qd8 80. Qb7+ Qc7 81. Qa6 Qf7 82. Kh2 Nd4 83. Qb6 Nf5 84. Bc5 Nh6 85. Kg2 Ng4 86. Qc6 Nh6 87. Be3 Nf5 88. Bc5 Nd4 89. Qd6 Qb7+ 90. Kg1 Nf3+ 91. Kf1 Qb1+ 92. Kg2 Ne1+ 93. Kh2 Nf3+ 94. Kg2 Qb7 95. Kf1 Nh2+ 96. Kg1 Ng4 97. Kf1 Qb5+ 98. Kg2 Qb7+ 99. Kf1 Qf7 100. Bb4 Qc4+ 101. Kg2 Qe4+ 102. Kg1 Qb1+ 103. Kg2 Qb3 104. Qe7+ Kg8 105. Qf8+ Kh7 106. Qf7+ Qxf7 0-1

[Event "Cappelle Online Bullet op"]
[Site "Europe Echecs INT"]
[Date "2021.03.05"]
[Round "1"]
[White "Fischler, Oscar"]
[Black "Nikolovski, Nikola"]
[Result "1-0"]
[WhiteElo "1866"]
[BlackElo "2454"]
[PlyCount "131"]
[EventDate "2021.03.05"]
[EventType "swiss (blitz)"]
[EventRounds "15"]
[EventCountry "FRA"]
[SourceTitle "EXT 2022"]
[Source "ChessBase"]
[SourceDate "2021.10.06"]
[SourceVersion "1"]
[SourceVersionDate "2021.10.06"]
[SourceQuality "1"]

1. Nf3 f5 2. g3 Nf6 3. Bg2 e6 4. 0-0 Be7 5. d4 0-0 6. c4 d6 7. Nc3 a5 8. Qc2 Nc6 9. e4 Nb4 10. Qb1 fxe4 11. Nxe4 Nxe4 12. Qxe4 e5 13. a3 Bf5 14. Qxb7 Rb8 15. Qa7 Be4 16. axb4 Bxf3 17. Bxf3 Rxf3 18. Rxa5 exd4 19. Qxd4 Rxb4 20. Qd5+ Rf7 21. Ra8 Rb8 22. Rxb8 Qxb8 23. Bf4 Qf8 24. b4 h6 25. Be3 Kh8 26. b5 Rf5 27. Qd3 Qf7 28. Rd1 Re5 29. Bd4 Re6 30. Be3 Qf3 31. Qd5 Qf6 32. Qg2 Qg6 33. Qd5 Bg5 34. Bxg5 hxg5 35. Kg2 g4 36. Qd3 Re4 37. f3 gxf3+ 38. Qxf3 Rxc4 39. Rf1 Rc2+ 40. Rf2 Rxf2+ 41. Qxf2 Qe4+ 42. Qf3 Qxf3+ 43. Kxf3 Kh7 44. Ke4 Kg6 45. Kd5 Kf5 46. Kc6 d5 47. Kxc7 d4 48. b6 d3 49. b7 d2 50. b8Q d1Q 51. Qc8+ Kg6 52. Qd7 Kh7 53. Qxd1 g6 54. Qg4 Kh6 55. Kd6 g5 56. Ke5 Kg6 57. h4 Kh6 58. hxg5+ Kg7 59. Qh4 Kf7 60. Qh5+ Ke7 61. g6 Kd7 62. g7 Kc7 63. g8Q Kb7 64. Qe6 Kc7 65. Qhf7+ Kb8 66. Qee8# 1-0

[Event "Cappelle Online Bullet op"]
[Site "Europe Echecs INT"]
[Date "2021.03.05"]
[Round "15"]
[White "Guliyev, Namig"]
[Black "Fischler, Oscar"]
[Result "0-1"]
[WhiteElo "2538"]
[BlackElo "1866"]
[PlyCount "134"]
[EventDate "2021.03.05"]
[EventType "swiss (blitz)"]
[EventRounds "15"]
[EventCountry "FRA"]
[SourceTitle "EXT 2022"]
[Source "ChessBase"]
[SourceDate "2021.10.06"]
[SourceVersion "1"]
[SourceVersionDate "2021.10.06"]
[SourceQuality "1"]

1. e4 e5 2. Nf3 Nc6 3. Bb5 a6 4. Ba4 b5 5. Bb3 Bc5 6. a4 Bb7 7. axb5 axb5 8. Rxa8 Bxa8 9. Nc3 b4 10. Nd5 Nf6 11. 0-0 0-0 12. d3 h6 13. Nxf6+ Qxf6 14. Be3 Nd4 15. Bxd4 Bxd4 16. Nxd4 exd4 17. f4 c5 18. e5 Qc6 19. Qg4 Kh8 20. f5 d6 21. f6 g6 22. Qh3 Kh7 23. e6 fxe6 24. Bxe6 Qe8 25. f7 Qe7 26. Qg4 Qg5 27. Qxg5 hxg5 28. Bb3 Kg7 29. Re1 Kf6 30. Re8 Kg7 31. Re6 Rxf7 32. Rxd6 Rc7 33. Bc4 Bc6 34. h3 Be8 35. Kh2 Bf7 36. Rb6 Bxc4 37. dxc4 Re7 38. Rb5 Re5 39. b3 Kf6 40. Rb6+ Kf5 41. Rc6 Ke4 42. Rxg6 Ke3 43. Rd6 Kd2 44. Rd5 Re2 45. Rxc5 Kxc2 46. Rd5 d3 47. c5 d2 48. c6 d1Q 49. Rxd1 Kxd1 50. Kg3 Rc2 51. Kg4 Rxc6 52. Kxg5 Rc3 53. Kf4 Rxb3 54. g4 Ra3 55. g5 b3 56. g6 b2 57. g7 Ra8 58. g8Q Rxg8 59. Kf5 Rh8 60. Kf4 Rxh3 61. Kg5 Rc3 62. Kg4 b1Q 63. Kf4 Qb4+ 64. Ke5 Rc5+ 65. Kd6 Qb6+ 66. Kd7 Rc7+ 67. Kd8 Qb8# 0-1

[Event "Cappelle Online Bullet op"]
[Site "Europe Echecs INT"]
[Date "2021.03.05"]
[Round "11"]
[White "Haussernot, Cecile"]
[Black "Fischler, Oscar"]
[Result "0-1"]
[WhiteElo "2171"]
[BlackElo "1866"]
[PlyCount "80"]
[EventDate "2021.03.05"]
[EventType "swiss (blitz)"]
[EventRounds "15"]
[EventCountry "FRA"]
[SourceTitle "EXT 2022"]
[Source "ChessBase"]
[SourceDate "2021.10.06"]
[SourceVersion "1"]
[SourceVersionDate "2021.10.06"]
[SourceQuality "1"]

1. e4 e5 2. Nf3 Nc6 3. Bc4 Bc5 4. Nc3 Nf6 5. d3 0-0 6. 0-0 h6 7. Nd5 d6 8. h3 Nxd5 9. Bxd5 Ne7 10. Bb3 Be6 11. c3 Ng6 12. d4 exd4 13. cxd4 Bb6 14. Bxe6 fxe6 15. Qb3 Qe7 16. Be3 Kh7 17. e5 dxe5 18. dxe5 Bxe3 19. Qxe3 c6 20. Qe4 Rf5 21. Rad1 Raf8 22. Rfe1 Kh8 23. Qg4 Nf4 24. Nd4 h5 25. Nxf5 Rxf5 26. Qg3 h4 27. Qg4 g5 28. Rd4 Nd5 29. Rf4 Rxf4 30. Qh5+ Kg7 31. g3 Rf5 32. g4 Nf4 33. gxf5 Nxh5 34. f6+ Nxf6 35. exf6+ Kxf6 36. Re4 Qd6 37. Rg4 Qd1+ 38. Kg2 Qxg4+ 39. hxg4 Ke5 40. Kh3 Kf4 0-1

[Event "FRA-ch Blitz Online Qual"]
[Site "Europe Echecs INT"]
[Date "2020.05.16"]
[Round "13"]
[White "Fischler, Oscar"]
[Black "Blachon, Pascal"]
[Result "1/2-1/2"]
[WhiteElo "1864"]
[BlackElo "1955"]
[PlyCount "130"]
[EventDate "2020.05.16"]
[EventType "swiss (blitz)"]
[EventRounds "15"]
[EventCountry "FRA"]
[SourceTitle "CBM 196 Extra"]
[Source "ChessBase"]
[SourceDate "2020.07.31"]
[SourceVersion "1"]
[SourceVersionDate "2020.07.31"]
[SourceQuality "1"]

1. Nf3 c5 2. c4 b6 3. g3 Bb7 4. Bg2 e6 5. 0-0 Nf6 6. Nc3 d6 7. b3 Nbd7 8. Bb2 Be7 9. d4 cxd4 10. Qxd4 a6 11. Rad1 Qc7 12. e4 0-0 13. h3 Rfd8 14. Rfe1 Bf8 15. Qe3 Bc6 16. e5 dxe5 17. Nxe5 Bxg2 18. Kxg2 Qb7+ 19. Qf3 Qxf3+ 20. Nxf3 Nc5 21. Rxd8 Rxd8 22. Rd1 Be7 23. Rxd8+ Bxd8 24. Ba3 Nd3 25. Bd6 Nd7 26. Kf1 f6 27. Ne1 N3c5 28. Ke2 Kf7 29. Nd3 Nb7 30. Ba3 Be7 31. Bxe7 Kxe7 32. Ke3 Nbc5 33. Nxc5 Nxc5 34. Kd4 Kd6 35. Ne4+ Nxe4 36. Kxe4 Kc5 37. a3 b5 38. cxb5 Kxb5 39. Kd4 Kb6 40. f4 h5 41. g4 hxg4 42. hxg4 Kb5 43. g5 Kb6 44. g6 Kb5 45. Ke4 Kc5 46. Kd3 Kd5 47. Ke3 Kc5 48. Ke4 Kc6 49. Kd4 Kb6 50. Kc4 Kc6 51. b4 Kb6 52. a4 Kc6 53. b5+ axb5+ 54. axb5+ Kb6 55. Kb4 e5 56. fxe5 fxe5 57. Kc4 e4 58. Kd4 e3 59. Kxe3 Kxb5 60. Kd4 Kc6 61. Ke5 Kd7 62. Kd5 Ke7 63. Ke5 Kd7 64. Kd5 Ke7 65. Ke5 Kd7 1/2-1/2

[Event "Paris ChessMates 3rd"]
[Site "Paris"]
[Date "2019.03.30"]
[Round "3.1"]
[White "Fischler, Oscar"]
[Black "Venkatesan, Kavin"]
[Result "1/2-1/2"]
[WhiteElo "1729"]
[BlackElo "1756"]
[PlyCount "67"]
[EventDate "2019.03.29"]
[EventType "team-tourn"]
[EventRounds "5"]
[EventCountry "FRA"]
[SourceTitle "CBM 189 Extra"]
[Source "ChessBase"]
[SourceDate "2019.06.03"]
[SourceVersion "1"]
[SourceVersionDate "2019.06.03"]
[SourceQuality "1"]
[WhiteTeam "Idf Team"]
[BlackTeam "Ireland"]
[WhiteTeamCountry "FRA"]
[BlackTeamCountry "IRL"]

1. Nf3 d5 2. g3 Nf6 3. Bg2 Bg4 4. b3 Nbd7 5. Bb2 e6 6. d3 Bd6 7. Nbd2 0-0 8. 0-0 c6 9. h3 Bxf3 10. Bxf3 Qb6 11. Kh2 Rfe8 12. e4 Rad8 13. Qe2 dxe4 14. dxe4 Qc7 15. Nc4 e5 16. Nxd6 Qxd6 17. Rad1 Qe7 18. Rg1 Nf8 19. Bc1 Ne6 20. c3 h6 21. Bh1 Rxd1 22. Rxd1 Rd8 23. f4 Rxd1 24. Qxd1 exf4 25. gxf4 Qc5 26. Qe1 Nh5 27. Be3 Qa5 28. Qd2 Nf6 29. f5 Qe5+ 30. Kg1 Qg3+ 31. Kf1 Ng5 32. Bxg5 hxg5 33. Bg2 Nh5 34. Qe1 1/2-1/2